| 000 | 00692cam a22002413a 4500 | ||
|---|---|---|---|
| 001 | 9160 | ||
| 003 | PGUSA | ||
| 005 | 20140828083208.0 | ||
| 008 | 051001s2005||||xxu|||||s|||||000 | eng d | ||
| 040 |
_aPGUSA _beng |
||
| 042 | _adc | ||
| 050 | 4 | _aBD | |
| 050 | 4 | _aL | |
| 100 | 1 |
_aLessing, Gotthold Ephraim, _d1729-1781 |
|
| 245 | 1 | 0 |
_aDie Erziehung des Menschengeschlechts _h[electronic resource] / _cGotthold Ephraim Lessing |
| 260 |
_bProject Gutenberg, _c2005 |
||
| 506 | _aPublic domain in the USA. | ||
| 516 | _aElectronic text | ||
| 653 | _aEducation -- Early works to 1800 | ||
| 830 | 0 |
_aProject Gutenberg _v9160 |
|
| 856 | 4 | 0 | _uhttp://www.gutenberg.org/ebooks/9160 |
| 942 | _cEB | ||
| 999 |
_c238416 _d238416 |
||